000 00293nam a2200145Ia 4500
100 _aWaugh/Ian
650 _aGeneral
942 _cBK
245 _aCommodore 64 music
260 _bSunshine Books
_aLondon
_c1985
082 _a1.64
_bWAU
300 _a212
546 _aENGLISH
999 _c28507
_d28507